000 00551nam a2200205Ia 4500
005 20250508163858.0
008 008 250505s9999 xx 000 0 eng d
037 _aTextBook
040 _aFEDL
_beng
_cFEDL
041 _aeng
_2eng
084 _a370.1, TOL
_qFEDL
100 _aTolstoy Lev
245 0 _aTolstoy ka shiksha darshan
260 _aDelhi, India
_bSavodaya Sahitya Sansthan
_c2000
300 _a151p
365 _aINR
_b150
650 _aEducational Philosophy
942 _cTB
_h370.1, TOL
999 _c1385755
_d1385755